Представление документа в формате RUSMARC

ПолеНазваниеЗначение
  Тип записи a
  Библиографический уровень m
001 Контрольный номер UONB/MAIN/b43b588a036c4143b093e1724f9fedac
005 Дата корректировки 20260410165451.6
010 Индекс ISBN __
9 Тираж 1000 экз.
100 Данные общей обработки __
a Данные общей обработки 20260410d1973 u y0rusy0189 ca
101 Язык документа 0_
a Язык текста rus
102 Страна публикации __
a Страна публикации RU
105 Кодированные данные (монография) __
a Кодированные данные (монография) y z 001yy
200 Заглавие и сведения об ответственности 1_
a Заглавие Чтобы вырос хороший человек...
e Сведения, относящиеся к заглавию (методические рекомендации работникам детских библиотек по воспитанию культуры поведения школьников)
f Первые сведения об ответственности Государственная библиотека БССР им. В. И. Ленина, Научно-методический отдел библиотековедения
203 Вид содержания и тип средства __
a Вид содержания Текст
b Характеристика содержания визуальный
c Тип средства непосредственный
210 Выходные данные 1_
a Место издания Минск
c Издательство Гос. б-ка БССР им. В. И. Ленина
d Дата издания 1973
215 Физическое описание __
a Объем 46 с.
d Формат 19 см
320 Библиография __
a Библиография Библиогр. в тексте
606 Тематические рубрики 0_
a Основная рубрика Культура поведения
j Формальный подзаголовок Материалы для библиотек
606 Тематические рубрики 0_
a Основная рубрика Детские библиотеки
x Основная подрубрика Работа с читателем
610 Ключевые слова 0_
a Ключевые слова культура поведения; детские библиотеки; работа с читателем; воспитание культуры поведения школьников; культура поведения школьников
686 Индексы других классификаций __
a Классификационный индекс 78.398
2 Код системы rubbk
712 Наименование организации (Вторичная ответственность) 02
a Организация/ юрисдикция Государственная библиотека БССР им. В. И. Ленина
4 Код отношения 570
801 Источник записи _0
a Страна RU
b Организация Ульяновская ОНБ
c Дата составления 20260410
g Правила каталогизации RCR
801 Источник записи _1
a Страна RU
b Организация Ульяновская ОНБ
c Дата составления 20260410
g Правила каталогизации RCR
901 Тип документа __
t Тип документа m
909 Создатель записи __
a Создатель записи Цуканова
b Дата создания записи 20260410